Les plus grand succès de concerts en résidence - Statistiques

Statistiques générales
  • Ce quiz a été pris 37 fois
    7 depuis la dernière actualisation
  • Le résultat moyen est 7 sur 11
Statistiques - réponses
Année(s) Chiffre d'affaires Nombre de shows Nom de la résidence Lieu Artiste % Correct
2016-aujourd'hui $124,5 millions 99 Bruno Mars at Park MGM Park MGM, Las Vegas. Bruno Mars
100%
2003–2007 $385 millions 714 A New Day... The Colosseum at Caesars Palace, Las Vegas. Céline Dion
100%
2011–2019 $296 millions 427 Céline The Colosseum at Caesars Palace, Las Vegas. Céline Dion
100%
2023-2024 $244,5 millions 40 U2: UV Achtung Baby Sphere, Las Vegas. U2
100%
2014-aujourd'hui $257,9 millions 150 Billy Joel in Concert Madison Square Garden, New York. Billy Joel
71%
2017–2018 $113 millions 236 Springsteen on Broadway Walter Kerr Theatre, New York. Bruce Springsteen
71%
2018-2024 $110 millions 72 Enigma + Jazz & Piano Park MGM, Las Vegas. Lady Gaga
71%
2004–2009 $169 millions 248 The Red Piano The Colosseum at Caesars Palace, Las Vegas. Elton John
43%
2011–2018 $131 millions 189 The Million Dollar Piano The Colosseum at Caesars Palace, Las Vegas. Elton John
43%
2013–2017 $137 millions 248 Piece of Me Zappos Theater, Las Vegas. Britney Spears
29%
2016–2018 $101.9 millions 120 All I Have Zappos Theater, Las Vegas. Jennifer Lopez
0%
Aucun quiz correspondant
Distribution des résultats
% des personnes avec chaque résultat
Percentile par nombre de réponses
Votre historique - résultats
Vous n’avez pas pris ce quiz depuis la dernière actualisation